00970cam a2200289 i 4500020001800000020001500018040000800033041000800041082002500049100002000074245006100094246002900155250002700184300009100211490004300302500006900345500005400414650002000468650002000488650002100508650002000529650001400549650001400563700002500577710003800602710004000640 a9784924971349 a4924971340 cLWU1 hjpn04a746INT 2013 A085 Or.1 aTanaka, Yūko,14aThe power of the weave :bthe hidden meanings of cloth /30aHidden meanings of cloth aFirst English edition. axiii, 222 pages, 12 unnumbered pages of plates :billustrations (some color) ;c24 cm.1 aLTCB international library selection ; a"LTCB International Library Trust/International House of Japan." aTranslation of: Nuno no chikara : Edo kara ima e. 0aTextile fabrics 0aTextile fabrics 7aTextile fabrics. 7aTextile fabrics 7aTextilier 7aTextilier1 aHarcourt, Geraldine,2 aLTCB International Library Trust.2 aKokusai Bunka Kaikan (Tokyo, Japan)